Normal view
MARC view
Entry Personal Name
001 - CONTROL NUMBER
- control field: 3472
003 - CONTROL NUMBER IDENTIFIER
- control field: BD-RjUL
005 - DATE AND TIME OF LATEST TRANSACTION
- control field: 20220607113455.0
008 - FIXED-LENGTH DATA ELEMENTS
- fixed length control field: 220607|| aca||aabn | a|a d
040 ## - CATALOGING SOURCE
- Original cataloging agency: BD-RjUL
- Transcribing agency: BD-RjUL
100 ## - HEADING--PERSONAL NAME
- Personal name: আলম, এস এম শাহ্
670 ## - SOURCE DATA FOUND
- Source citation: Work cat.: (BD-RjUL)79931: আলম, এস এম শাহ্, মুঘল ইতিহাস চর্চার প্রকৃতি ও ধারা , ১৫২৬-১৭০৭ খ্রীষ্টাব্দ /, ২০০৪